Statistiques concernant Culture Générale - Série 1427

Cliquez ici pour prendre le quiz!

Statistiques générales

  • Ce quiz a été pris 44 fois
  • Le résultat moyen est 7 sur 10

Statistiques - réponses

Question Réponse % Correct
Si l'on descend un escalier en franchissant plusieurs marches à la fois, on dévale les marches quatre à...quatre
100%
En botanique, à quelle partie de la plante fait référence l'adjectif "radiculaire" ?racine
90%
Traditionnellement, quel ingrédient fondu donne sa couleur à la sauce de la "poire Belle-Hélène" ?chocolat
83%
Complétez le titre d'un roman de Jules Verne : "Cinq semaines en...ballon
81%
Un des opéras de Camille Saint-Saëns, créé en 1877, a pour titre : "Samson et...Dalila
79%
Dans quel port français le paquebot "Queen Mary 2" a-t-il été construit en 2004 ?Saint-Nazaire
76%
Quel Italien a composé "Nabucco", présenté à la Scala en 1842 ?Giuseppe Verdi
69%
La LICRA est le sigle de la Ligue internationale contre le racisme et...l'antisémitisme
55%
De quel film américain Mireille Mathieu a-t-elle emprunté le thème musical principal pour son tube de 1971 "Une histoire d'amour" ?Love Story
45%
De quel groupe de rock mythique, Roger Daltrey est-il le chanteur ?The Who
29%

Distribution des résultats

Percentile par nombre de réponses

% des personnes avec chaque résultat

Votre développement - résultats

Vous n’avez pas pris ce quiz